1418 1731 1666 1821 1580 1868 1811 1848 1499 1118 1536 1993 1698 1730 1837 1795 1371 1665 1875 1845 1597 1054 1043 1412 1164 1799 1196 1336 1638 1912 1222 1730 1230 1630 1879 1560 1188 1883 1516 1774 1827 1381 1364 1917 1783 1476 1534 1598 1600 1870 1703 1955 1044 1122 1132 1241 1470 1981 1340 1835 1726 1127 1517 1023 1954 1595 1323 1547 1386 1930 1567 1477 1794 1870 1355 1256 1015 1340 1109 1649 1258 1718 1793 1950 1935 1698 1049 1538 1634 1977 1112 1070 1616 1661 1775 1788 1554 1614 1771 BCNSPRNW ULIB Ver.6.0+V

เปลี่ยนเป็นภาษาไทย

Change to English
 แสดงรายละเอียดบรรณานุกรม
  กลับหน้าหลัก

Brief Record : Get Marc (ISO 2709) : E-mail record : QR code < ปิดหน้าต่าง
LEADER : 00000nam 2200000uu 4500
001    13399113170
003     ULIB
008    110930s2550||||th 000 0 tha d
020    9789744896100
050 04 QA76.75^bพ553M 2550
100 0  พันจันทร์ ธรวัฒนเสถียร
245 10 Windows Vista Office 2007 ฉบับสมบูรณ์ /^cพันจันทร์ ธนวัฒนเสถียร และอัมรินทร์ เพ็ชรกุล
250    พิมพ์ครั้งที่ 1
260    กรุงเทพฯ :^bซัคเซส มีเดีย,^c2550
300    386 หน้า :^bภาพประกอบสี ;^c26 ซม
650  4 ไมโครซอฟต์วินโดวส์วิสต้า (ระบบปฏิบัติการคอมพิวเตอร์)
650  7 วินโดวส์ (โปรแกรมคอมพิวเตอร์)
650  7 ไมโครซอฟต์ออฟฟิศ
700 0  อัมรินทร์ เพ็ชรกุล
945    ^p299^l0^i024128
995    ทศพร
999 ^a ศิริพร
รายการนี้ยังไม่มีแท็ก
คุณยังไม่ได้ล็อกอิน คุณสามารถมีกิจกรรมร่วมกับเว็บไซต์ได้ แต่ต้องล็อกอินก่อน ::
  ล็อกอิน

รายการสื่อสารสนเทศ

ลำดับที่ ประเภท เลขเรียก/บาร์โค้ด สถานที่ สถานะ
- ไม่พบข้อมูล -

รายการใกล้เคียง
    หัวเรื่อง [วินโดวส์ (โปรแกรมคอมพิวเตอร์)]
    หัวเรื่อง [ไมโครซอฟต์ออฟฟิศ]

BibComment


ยังไม่เคยถูกคอมเมนท์

คอมเมนท์ทรัพยากรรายการนี้
  คอมเมนท์: Windows Vista Off..


 Copyright 2026. Bcnsprnw @Library